| 000 | 01030nam a22002537a 4500 | ||
|---|---|---|---|
| 005 | 20170124103125.0 | ||
| 010 | _a153156 | ||
| 020 | _c10.00 | ||
| 035 | _a153156 | ||
| 037 | _bCen Lib/Ret | ||
| 040 |
_aDPL _bHN |
||
| 082 |
_a396 _bशिवाज |
||
| 100 |
_aशिवा, जगवीर कौर _942591 |
||
| 245 |
_aबहनों से दो बातें और बापू के उपदेश / _cजगवीर कौर शिवा |
||
| 246 |
_aBehnon se do baten aur bapu ke updesh / _bby Jagveer Kaur Shiva |
||
| 260 |
_aलखनऊ _bरामकुमार बुकडिपो _c1955 |
||
| 270 | _bलखनऊ | ||
| 300 |
_aii,134पृ. _c17सेमी(सजिल्द) |
||
| 650 |
_aबापू -- कुछ आदेश _9918 |
||
| 650 |
_aप्राचीन काल -- घर और नारी _982982 |
||
| 650 |
_aBapu - some command _982983 |
||
| 650 |
_aAncient times - home and Woman _982984 |
||
| 942 |
_2ddc _cHN _h396 _mशिवाज |
||
| 999 |
_c119024 _d119024 |
||